Three-Syllable Countries - Sudden Death - Statistics

General Stats
  • This quiz has been taken 59 times
  • The average score is 9 of 15
Answers on the Grid
Answers color-coded by a green-red scale on the quiz's grid according to % correct below.
Kiribati
Croatia
Singapore
Jamaica
Netherlands
Paraguay
Saint Lucia
Cameroon
Philippines
New Zealand
Samoa
Italy
Kyrgyzstan
Grenada
Liechtenstein
Ukraine
Dominica
Eritrea
Seychelles
San Marino
Tajikistan
United States
Madagascar
Iceland
 
Answer Stats
Answer % Correct
Croatia
72%
Singapore
70%
Italy
68%
New Zealand
68%
Jamaica
66%
Liechtenstein
66%
Philippines
66%
Cameroon
64%
Grenada
64%
Paraguay
64%
Netherlands
62%
Samoa
62%
Kyrgyzstan
57%
Saint Lucia
51%
Kiribati
30%
No matching quizzes found
Score Distribution
Percent of People with Each Score
Percentile by Number Answered
Your Score History
You have not taken this quiz